000 00638nam a2200229Ia 4500
003 OSt
005 20220924125114.0
006 a|||||r|||| 00| 0
007 ta
008 220923b |||||||| |||| 00| 0 pur d
024 _a309873
037 _cTextual
040 _aARTS
_cARTS
_bpur
041 _2pur
_apur
082 _aO164w45.M8, 168K8
100 _aHussain Mohd. Muzaffar
_9197552
245 0 _aRooz-e-roshan
260 _aPatna
_bRais Idara-e-Tehqiqat India
_c1968
650 _aURDU LITERATURE
942 _hO164w45.M8, 168K8
_cTEXL
_2CC
999 _c421743
_d421743